ბათუმის შოთა რუსთაველის სახელმწიფო უნივერსიტეტის ბიბლიოთეკა

Происхохдение древесной растительности субтропического и умеренного климатов и развитие наследственных особенностей (ბიბ.ჩანაწერი № 45077)

000 -LEADER
fixed length control field 00863nam a2200193Ia 4500
001 - CONTROL NUMBER
control field 11900
003 - CONTROL NUMBER IDENTIFIER
control field GE_BSU
008 - FIXED-LENGTH DATA ELEMENTS--GENERAL INFORMATION
fixed length control field 181216s||||||||xx |||||||||||||| ||und||
040 ## - CATALOGING SOURCE
Transcribing agency GE_BSU
080 ## - UNIVERSAL DECIMAL CLASSIFICATION NUMBER
Universal Decimal Classification number 581.526.4
100 ## - MAIN ENTRY--PERSONAL NAME
Personal name Гулисашвили,В.З.
245 ## - TITLE STATEMENT
Title Происхохдение древесной растительности субтропического и умеренного климатов и развитие наследственных особенностей
260 ## - PUBLICATION, DISTRIBUTION, ETC.
Place of publication, distribution, etc. Тбилиси
260 ## - PUBLICATION, DISTRIBUTION, ETC.
Name of publisher, distributor, etc. Мецниереба
260 ## - PUBLICATION, DISTRIBUTION, ETC.
Date of publication, distribution, etc. 1967
300 ## - PHYSICAL DESCRIPTION
Extent 217стр.22см.илл.
653 ## - INDEX TERM--UNCONTROLLED
Uncontrolled term Происхохдение древесной растительности субтропического и умеренного климатов и развитие наследственных особенностей
942 ## - ADDED ENTRY ELEMENTS (KOHA)
Koha item type წიგნი
ეგზემპლარები
Withdrawn status Lost status Damaged status Not for loan Date acquired Barcode Date last seen Price effective from Koha item type
        2018-12-17 20462 2018-12-17 2018-12-17 წიგნი